Operations research theory and applications (Record no. 21334)
[ view plain ]
| 000 -LEADER | |
|---|---|
| fixed length control field | 006640000a22002530004500 |
| 082 ## - DEWEY DECIMAL CLASSIFICATION NUMBER | |
| Classification number | 658.4034 |
| Item number | Sh23o |
| -- | T |
| 041 ## - LANGUAGE CODE | |
| Language code of text/sound track or separate title | Eng |
| 100 ## - MAIN ENTRY--PERSONAL NAME | |
| Personal name | Sharma, J. K. |
| 245 ## - TITLE STATEMENT | |
| Title | Operations research theory and applications |
| 260 ## - PUBLICATION, DISTRIBUTION, ETC. (IMPRINT) | |
| Place of publication, distribution, etc | New Delhi |
| Name of publisher, distributor, etc | Macmillan India, India |
| 260 ## - PUBLICATION, DISTRIBUTION, ETC. (IMPRINT) | |
| Date of publication, distribution, etc | 1997 |
| 300 ## - PHYSICAL DESCRIPTION | |
| Extent | xx, 1039p. |
| Other physical details | illus. |
| 500 ## - GENERAL NOTE | |
| General note | Bibliography: p.1033-1034 |
| 518 ## - DATE/TIME AND PLACE OF AN EVENT NOTE | |
| Date/time and place of an event note | 20000510 |
| 530 ## - ADDITIONAL PHYSICAL FORM AVAILABLE NOTE | |
| Additional physical form available note | M |
| 650 ## - SUBJECT ADDED ENTRY--TOPICAL TERM | |
| Topical term or geographic name as entry element | Management techniques |
| 650 ## - SUBJECT ADDED ENTRY--TOPICAL TERM | |
| Topical term or geographic name as entry element | Operations research |
| 650 ## - SUBJECT ADDED ENTRY--TOPICAL TERM | |
| Topical term or geographic name as entry element | Management operations |
| 650 ## - SUBJECT ADDED ENTRY--TOPICAL TERM | |
| Topical term or geographic name as entry element | Decision making |
| 650 ## - SUBJECT ADDED ENTRY--TOPICAL TERM | |
| Topical term or geographic name as entry element | Linear programming |
| 650 ## - SUBJECT ADDED ENTRY--TOPICAL TERM | |
| Topical term or geographic name as entry element | Research techniques |
| 650 ## - SUBJECT ADDED ENTRY--TOPICAL TERM | |
| Topical term or geographic name as entry element | Nonlinear Programming |
| 942 ## - ADDED ENTRY ELEMENTS (KOHA) | |
| Koha item type | General Collections |
| Withdrawn status | Lost status | Damaged status | Not for loan | Home library | Current library | Date acquired | Total Checkouts | Barcode | Date last seen | Price effective from | Total Renewals | Date checked out | Source of classification or shelving scheme | Full call number | Koha item type |
|---|---|---|---|---|---|---|---|---|---|---|---|---|---|---|---|
| Tribhuvan University Central Library | Tribhuvan University Central Library | 06/20/2010 | 122232 | 06/20/2010 | 06/20/2010 | ||||||||||
| Tribhuvan University Central Library | Tribhuvan University Central Library | 06/20/2010 | 122233 | 06/20/2010 | 06/20/2010 | ||||||||||
| Tribhuvan University Central Library | Tribhuvan University Central Library | 06/20/2010 | 1 | 122234 | 04/27/2016 | 06/20/2010 | 3 | 02/22/2016 | |||||||
| Tribhuvan University Central Library | Tribhuvan University Central Library | 06/20/2010 | G51078 | 06/20/2010 | 06/20/2010 | ||||||||||
| Tribhuvan University Central Library | Tribhuvan University Central Library | 07/10/2014 | 3 | G51074 | 06/08/2015 | 07/10/2014 | 8 | 02/18/2015 | Dewey Decimal Classification | 658.4034 Sh23o | General Collections | ||||
| Tribhuvan University Central Library | Tribhuvan University Central Library | 09/21/2014 | 6 | G51075 | 12/12/2016 | 09/21/2014 | 7 | 11/14/2016 | Dewey Decimal Classification | 658.4034 Sh23o | General Collections | ||||
| Tribhuvan University Central Library | Tribhuvan University Central Library | 09/21/2014 | 6 | G51076 | 05/07/2017 | 09/21/2014 | 6 | 03/02/2017 | Dewey Decimal Classification | 658.4034 Sh23o | General Collections | ||||
| Tribhuvan University Central Library | Tribhuvan University Central Library | 09/21/2014 | 7 | G51077 | 03/01/2017 | 09/21/2014 | 8 | 01/22/2017 | Dewey Decimal Classification | 658.4034 Sh23o | General Collections | ||||
| Tribhuvan University Central Library | Tribhuvan University Central Library | 11/06/2014 | G51079 | 11/06/2014 | 11/06/2014 | Dewey Decimal Classification | 658.4034 Sh23o | General Collections | |||||||
| Tribhuvan University Central Library | Tribhuvan University Central Library | 11/06/2014 | 5 | G51080 | 05/07/2017 | 11/06/2014 | 8 | 11/16/2016 | Dewey Decimal Classification | 658.4034 Sh23o | General Collections | ||||
| Tribhuvan University Central Library | Tribhuvan University Central Library | 11/10/2014 | 4 | G51072 | 07/13/2018 | 11/10/2014 | 7 | 11/14/2016 | Dewey Decimal Classification | 658.4034 Sh23o | General Collections |
